000 00640nam a2200253Ia 4500
003 OSt
005 20221005092841.0
006 a|||||r|||| 00| 0
007 ta
008 221004b |||||||| |||| 00| 0 eng d
020 _a0333791991
024 _a47067
037 _cTextual
040 _aCRL
_cCRL
_beng
041 _2eng
_aeng
082 _aV4, P0
100 _aMason Colin
245 0 _aShort history of Asia
_b Stone age to 2000 AD
260 _aNew York
_bSt. Martin's Press USA
_c2000
300 _a316p.
_ccm.
650 _aHISTORY
942 _hV4, P0
_cTEXL
_2cc
999 _c999456
_d999456